Catálogo
 En Linea

Los tortolitos del sótano / (Registro nro. 58643)

Detalles MARC
000 -CABECERA
campo de control de longitud fija 01624nam a2200265 i 4500
003 - IDENTIFICADOR DEL NÚMERO DE CONTROL
campo de control DO-SdBNP
005 - FECHA Y HORA DE LA ÚLTIMA TRANSACCIÓN
campo de control 20250527113124.0
007 - CAMPO FIJO DE DESCRIPCIÓN FÍSICA--INFORMACIÓN GENERAL
campo de control de longitud fija ta
008 - DATOS DE LONGITUD FIJA--INFORMACIÓN GENERAL
campo de control de longitud fija 250527b2024 dr ||||| |||| 00| 0 spa d
020 ## - NÚMERO INTERNACIONAL ESTÁNDAR DEL LIBRO
Número Internacional Estándar del Libro 9789945654851
040 ## - FUENTE DE LA CATALOGACIÓN
Centro catalogador/agencia de origen DO-SdBNP
Lengua de catalogación spa
Centro/agencia transcriptor BNPHU
Normas de descripción rda
082 ## - NÚMERO DE LA CLASIFICACIÓN DECIMAL DEWEY
Número de clasificación xxx
Número de documento/Ítem S456
Número de edición 22
100 ## - ENTRADA PRINCIPAL--NOMBRE DE PERSONA
Nombre de persona Segura, Orlando
Término indicativo de función/relación autor
Código de función/relación aut.
9 (RLIN) 43311
245 04 - MENCIÓN DE TÍTULO
Título Los tortolitos del sótano /
Mención de responsabilidad, etc. Orlando Segura
264 #1 - PRODUCCIÓN, PUBLICACIÓN, DISTRIBUCIÓN, FABRICACIÓN Y COPYRIGHT
Producción, publicación, distribución, fabricación y copyright Santo Domingo :
Nombre del de productor, editor, distribuidor, fabricante Editorial Santuario,
Fecha de producción, publicación, distribución, fabricación o copyright 2024.
300 ## - DESCRIPCIÓN FÍSICA
Extensión 54 páginas ;
Dimensiones 22 cm.
336 ## - TIPO DE CONTENIDO
Término de tipo de contenido texto
Código de tipo de contenido txt
Fuente rdacontent
337 ## - TIPO DE MEDIO
Nombre/término del tipo de medio sin mediación
Código del tipo de medio n
Fuente rdamedia
338 ## - TIPO DE SOPORTE
Nombre/término del tipo de soporte volumen
Código del tipo de soporte nc
Fuente rdacarrier
500 ## - NOTA GENERAL
Nota general Incluye datos biografícos del autor en la solapa de la portada.
520 ## - SUMARIO, ETC.
Sumario, etc. El cura Clementino acompañó a Aquiles al cementerio, pero se negó a darle cristiana sepultura a la Patrona. Los secuaces procedieron a enterrarla de pie dejando la cabeza al descubierto. ¡Pobre Clotilde! El cura Clementino estaba nervioso, se mordía los labios. Aquiles temblaba de miedo, dejó caer la cruz de palo y salió corriendo sin las muletas, detrás iba el cura como una gacela a pesar de su avanzada edad. El espíritu maligno de Clotilde levantó una polvareda amarilla, asustando más a los corredores. El cura sufrió un ataque de nervios, iba corriendo y rezando: ¡Deus mío! ¡Madre mía! ¡Ay de mí! ¡Deus ayúdame a salir de este embrollo. Llegó temblando a la Iglesia y se escondió detrás del altar, la misa dominical fue suspendida. El cura regresó a su pueblo predicando la palabra de Dios.
590 ## - NOTA LOCAL (RLIN)
Nota local Inventariado, 2025/ YL
910 ## - DATOS DE OPCIÓN DEL USUARIO (OCLC)
Datos de opción del usuario YLockward
942 ## - ELEMENTOS DE PUNTO DE ACCESO ADICIONAL (KOHA)
Fuente del sistema de clasificación o colocación Dewey Decimal Classification
Tipo de ítem Koha Libro
Existencias
Estado de retiro Estado de pérdida Fuente del sistema de clasificación o colocación Restricciones de uso No para préstamo Código de colección Localización permanente Ubicación/localización actual Ubicación en estantería Fecha de adquisición Fuente de adquisición Total de préstamos Signatura topográfica completa Código de barras Fecha visto por última vez Precio válido a partir de Tipo de ítem Koha Número de copia
    Dewey Decimal Classification Excluido de préstamo   Patrimonio Dominicano Biblioteca Nacional Pedro Henríquez Ureña Biblioteca Nacional Pedro Henríquez Ureña En catalogación 07.04.2025 Depósito Legal   BNPHU PD xxx S456 2025-2793 07.04.2025 07.04.2025 Libro  
    Dewey Decimal Classification Excluido de préstamo   Patrimonio Dominicano Biblioteca Nacional Pedro Henríquez Ureña Biblioteca Nacional Pedro Henríquez Ureña En catalogación 07.04.2025 Depósito Legal   BNPHU PD xxx S456 2025-2794 07.04.2025 07.04.2025 Libro e.2

Con tecnología Koha